00686nam a22002057a 450000500170000001000270001702000270004403500130007103500170008403700210010103700130012208200130013510000240014824501350017225000120030726000420031927000700036130000270043170000220045820160331110403.0 a1516ENO7 ENG-114553 a9789350716861c1100.00 aEN-98085 aB-607300-317 adplbVariety/Ven bDBAD/PUB a343.5404 aSinghania, Vinod K. aTaxmann's direct taxes :cby Vinod Kumar Singhania [and] Kapil Singhaniablaw & practice with special refrence to tax planning / a54th ed aNew DelhibTaxmann Publicationsc2015 a59/32, New Rohtak Road,bNew Delhie110005k+91-11-45562222l-m- aI-27,1551p.c25cm(pbk) a Singhania, Kapil